[Event "34th European Club Cup 2018"]
[Site "Halkidiki"]
[Date "2018.10.15"]
[Round "4"]
[White "Bosman, Michiel"]
[Black "Svetushkin, Dmitry"]
[Result "0-1"]
[WhiteElo "2390"]
[BlackElo "2592"]
[Annotator "TA"]
[PlyCount "78"]
[EventDate "2018.10.12"]
[EventType "team-tourn"]
[EventCountry "GRE"]
[SourceTitle "playchess.com"]
[Source "ChessBase"]
[SourceQuality "1"]
[WhiteTeam "Leiden"]
[BlackTeam "Itaka"]

1. d4 Nf6 2. c4 e6 3. g3 Bb4+ 4. Bd2 a5 5. Bg2 d6 6. e3 O-O 7. Ne2 Bxd2+ 8. Qxd2 Qe7 9. Nbc3 e5 10. O-O e4 11. f3 exf3 12. Rxf3 Bg4 13. Rf2 c6 14. Nf4 Nbd7 15. Re1 Bf5 16. e4 Bg6 17. Rfe2 Rfe8 18. h3 a4 19. Kh2 Nb6 20. b3 axb3 21. axb3 Nfd7 22. h4 f6 23. Nxg6 hxg6 24. Bh3 Qf8 25. Kg2 Ra3 26. Qc2 Qf7 27. Rf1 Ra5 28. d5 Nf8 29. b4 Ra6 30. c5 dxc5 31. b5 Ra3 32. bxc6 bxc6 33. dxc6 Qc7 34. Rf3 Qxc6 35. Qd2 f5 36. Kh2 Ne6 37. Rfe3 Nc4 38. Qc1 Nd4 39. Nb1 Nxe3 0-1

[Event "34th European Club Cup 2018"]
[Site "Halkidiki"]
[Date "2018.10.15"]
[Round "4"]
[White "Veinberg, Nimrod"]
[Black "Vogt, Lothar"]
[Result "1/2-1/2"]
[WhiteElo "2386"]
[BlackElo "2368"]
[Annotator "NA"]
[PlyCount "83"]
[EventDate "2018.10.12"]
[EventType "team-tourn"]
[EventCountry "GRE"]
[SourceTitle "playchess.com"]
[Source "ChessBase"]
[SourceQuality "1"]
[WhiteTeam "Rehovot"]
[BlackTeam "Zurich"]

1. d4 Nf6 2. c4 d6 3. Nc3 Nbd7 4. e4 e5 5. d5 Nc5 6. f3 a5 7. Be3 Be7 8. Qd2 Nfd7 9. g3 c6 10. Nh3 a4 11. Nf2 Qa5 12. Be2 Nb6 13. O-O cxd5 14. cxd5 Bd7 15. Rfc1 Rc8 16. Nb1 Qxd2 17. Nxd2 O-O 18. b4 axb3 19. axb3 Ra8 20. Rxa8 Rxa8 21. b4 Nca4 22. Nb3 Rc8 23. Na5 Rxc1+ 24. Bxc1 Bc8 25. Nd1 Kf8 26. Bb5 Bf6 27. Be3 Ke7 28. Kf2 Kd8 29. Nb2 Nxb2 30. Bxb6+ Ke7 31. Ke2 Bg5 32. Bf2 f5 33. exf5 Bxf5 34. h4 Bc1 35. Nb3 Bh6 36. Na5 Bc2 37. Be3 Bd1+ 38. Kf2 Bxe3+ 39. Kxe3 Ba4 40. Be2 b6 41. Nc6+ Kd7 42. Na7 1/2-1/2

[Event "34th European Club Cup 2018"]
[Site "Halkidiki"]
[Date "2018.10.15"]
[Round "4"]
[White "Borge, Nikolaj"]
[Black "Alsina Leal, Daniel"]
[Result "1-0"]
[WhiteElo "2385"]
[BlackElo "2483"]
[Annotator "TA"]
[PlyCount "47"]
[EventDate "2018.10.12"]
[EventType "team-tourn"]
[EventCountry "GRE"]
[SourceTitle "playchess.com"]
[Source "ChessBase"]
[SourceQuality "1"]
[WhiteTeam "Hillerod"]
[BlackTeam "White Rose"]

1. e4 c5 2. Nf3 d6 3. d4 cxd4 4. Nxd4 Nf6 5. Nc3 a6 6. h3 Nc6 7. Bc4 e6 8. Be3 Be7 9. Qe2 Qc7 10. O-O-O O-O 11. g4 Na5 12. Bd3 Nd7 13. g5 b5 14. Rdg1 Nc5 15. Nf5 exf5 16. Nd5 Qb7 17. Nf6+ Kh8 18. Qh5 gxf6 19. Bd4 Ne6 20. gxf6 Bd7 21. Qh6 Bd8 22. Rg7 Ng5 23. Rxh7+ Nxh7 24. Qg7# 1-0

[Event "34th European Club Cup 2018"]
[Site "Halkidiki"]
[Date "2018.10.15"]
[Round "4"]
[White "Van Delft, Merijn"]
[Black "Lovik, Lasse Ostebo"]
[Result "1/2-1/2"]
[WhiteElo "2381"]
[BlackElo "2362"]
[Annotator "NA"]
[PlyCount "81"]
[EventDate "2018.10.12"]
[EventType "team-tourn"]
[EventCountry "GRE"]
[SourceTitle "playchess.com"]
[Source "ChessBase"]
[SourceQuality "1"]
[WhiteTeam "Apeldoorn"]
[BlackTeam "SK Oslo"]

1. e4 c5 2. Nf3 g6 3. d4 cxd4 4. Nxd4 Bg7 5. c4 Nc6 6. Be3 Nf6 7. Nc3 O-O 8. Be2 d6 9. O-O Bd7 10. Qd2 Nxd4 11. Bxd4 Bc6 12. f3 a5 13. b3 Nd7 14. Be3 Nc5 15. Rab1 e6 16. Rfd1 Be5 17. Bd4 Qe7 18. Qe3 Rad8 19. a3 Bxd4 20. Rxd4 e5 21. Rd2 f5 22. exf5 Rxf5 23. Nd5 Bxd5 24. Rxd5 b6 25. Rbd1 Ne6 26. Bf1 Qc7 27. g3 Nd4 28. f4 Rdf8 29. Bg2 a4 30. R5xd4 exd4 31. Qxd4 axb3 32. Bd5+ Rxd5 33. Qxd5+ Kg7 34. Rb1 Re8 35. Rxb3 Re2 36. Qd4+ Kg8 37. Qd5+ Kf8 38. Rd3 Ke7 39. Qg5+ Kf7 40. Qd5+ Ke7 41. Qg5+ 1/2-1/2

[Event "34th European Club Cup 2018"]
[Site "Halkidiki"]
[Date "2018.10.15"]
[Round "4"]
[White "Bates, Richard A"]
[Black "Roberson, Peter T"]
[Result "1/2-1/2"]
[WhiteElo "2374"]
[BlackElo "2396"]
[Annotator "TA"]
[PlyCount "60"]
[EventDate "2018.10.12"]
[EventType "team-tourn"]
[EventCountry "GRE"]
[SourceTitle "playchess.com"]
[Source "ChessBase"]
[SourceQuality "1"]
[WhiteTeam "Blackthorne"]
[BlackTeam "Grantham"]

1. d4 Nf6 2. Nf3 d5 3. c4 e6 4. g3 Be7 5. Bg2 O-O 6. O-O dxc4 7. Qc2 a6 8. a4 Bd7 9. Qxc4 Bc6 10. Bf4 Bd6 11. Bg5 Nbd7 12. Nc3 h6 13. Bxf6 Nxf6 14. Rfe1 Bd5 15. Qd3 Bxf3 16. Bxf3 c6 17. Red1 a5 18. Ne4 Nxe4 19. Qxe4 Ra6 20. Qc2 Rb6 21. Rd3 Qf6 22. Rad1 Rb4 23. Kg2 Rd8 24. Rb3 g6 25. Rxb4 Bxb4 26. e3 h5 27. Qe4 Kg7 28. Qe5 Qxe5 29. dxe5 Rxd1 30. Bxd1 Bd2 1/2-1/2

[Event "34th European Club Cup 2018"]
[Site "Halkidiki"]
[Date "2018.10.15"]
[Round "4"]
[White "Lopez, Jasel"]
[Black "Miljkovic, Miroslav D"]
[Result "1/2-1/2"]
[WhiteElo "2366"]
[BlackElo "2484"]
[Annotator "TA"]
[PlyCount "135"]
[EventDate "2018.10.12"]
[EventType "team-tourn"]
[EventCountry "GRE"]
[SourceTitle "playchess.com"]
[Source "ChessBase"]
[SourceQuality "1"]
[WhiteTeam "Deloitte"]
[BlackTeam "Sloven Ruma"]

1. Nf3 d5 2. d4 Nf6 3. c4 e6 4. g3 Bb4+ 5. Bd2 Be7 6. Bg2 O-O 7. O-O c6 8. b3 b6 9. Bc3 Bb7 10. Nbd2 Na6 11. Ne5 Rc8 12. e4 Qc7 13. Re1 Rfd8 14. Nxf7 Kxf7 15. Bh3 g6 16. Qf3 Kg7 17. Bxe6 Rf8 18. Bxc8 Nxe4 19. Qe3 Bxc8 20. Nxe4 dxe4 21. Qxe4 Bf6 22. Qe3 Qf7 23. Rad1 Kg8 24. Rd2 Nc7 25. f3 Bg7 26. f4 Bf5 27. Qf3 Re8 28. Rxe8+ Qxe8 29. Kf2 Qd7 30. d5 Bxc3 31. Qxc3 cxd5 32. Qe5 Be6 33. cxd5 Nxd5 34. g4 Qc6 35. f5 gxf5 36. gxf5 Bf7 37. Qg3+ Kf8 38. Qh4 Qc5+ 39. Kg2 Qe3 40. Rf2 Ne7 41. Qxh7 Bd5+ 42. Kf1 Qc1+ 43. Ke2 Qc2+ 44. Ke3 Qc3+ 45. Ke2 Qe5+ 46. Kd2 Qb2+ 47. Ke3 Qf6 48. Qh5 Bf7 49. Qf3 Nd5+ 50. Ke2 Qa1 51. Qg3 Qxa2+ 52. Kf1 Qb1+ 53. Kg2 Qe4+ 54. Kh3 Nf6 55. Qd6+ Qe7 56. Qb8+ Be8 57. Qf4 a5 58. Rf3 Qh7+ 59. Kg2 Qe7 60. Kh3 b5 61. Re3 Qh7+ 62. Kg2 Qg7+ 63. Kf1 Qd7 64. Qh6+ Qg7 65. Qf4 Qd7 66. Qh6+ Qg7 67. Qf4 Qd7 68. Qh6+ 1/2-1/2

[Event "34th European Club Cup 2018"]
[Site "Halkidiki"]
[Date "2018.10.15"]
[Round "4"]
[White "Rendle, Thomas E"]
[Black "Ledger, Andrew J"]
[Result "1/2-1/2"]
[WhiteElo "2366"]
[BlackElo "2353"]
[Annotator "TA"]
[PlyCount "65"]
[EventDate "2018.10.12"]
[EventType "team-tourn"]
[EventCountry "GRE"]
[SourceTitle "playchess.com"]
[Source "ChessBase"]
[SourceQuality "1"]
[WhiteTeam "Grantham"]
[BlackTeam "Blackthorne"]

1. e4 c6 2. d4 d5 3. Nc3 dxe4 4. Nxe4 Nd7 5. Bc4 Ngf6 6. Nxf6+ Nxf6 7. c3 Qc7 8. Qf3 Bg4 9. Qg3 Qxg3 10. hxg3 g6 11. Nf3 Bxf3 12. gxf3 Bg7 13. Bg5 O-O 14. O-O-O e6 15. Rh4 Rac8 16. Bb3 Rfe8 17. Rdh1 h6 18. Bd2 g5 19. R4h2 b5 20. f4 c5 21. fxg5 hxg5 22. dxc5 Ng4 23. Rg2 Rxc5 24. Kb1 Bf6 25. f4 Bg7 26. fxg5 Ne5 27. Be3 Rc7 28. Bd4 Nf3 29. Be3 Ne5 30. Bf4 Rc5 31. Rd2 a5 32. Rhd1 a4 33. Bc2 1/2-1/2

[Event "34th European Club Cup 2018"]
[Site "Halkidiki"]
[Date "2018.10.15"]
[Round "4"]
[White "Ashton, Adam G"]
[Black "Berend, Fred"]
[Result "0-1"]
[WhiteElo "2359"]
[BlackElo "2350"]
[Annotator "TA"]
[PlyCount "146"]
[EventDate "2018.10.12"]
[EventType "team-tourn"]
[EventCountry "GRE"]
[SourceTitle "playchess.com"]
[Source "ChessBase"]
[SourceQuality "1"]
[WhiteTeam "Oldham"]
[BlackTeam "Dudelange"]

1. e4 c5 2. Nf3 e6 3. d4 cxd4 4. Nxd4 Nc6 5. Nc3 a6 6. Nxc6 bxc6 7. e5 Qc7 8. Bf4 f5 9. Be2 g6 10. O-O Nh6 11. Re1 Nf7 12. Be3 Rb8 13. Rb1 Be7 14. f4 Rg8 15. a3 c5 16. Bf3 Kf8 17. Qd2 g5 18. Qf2 gxf4 19. Bxf4 Ng5 20. Bxg5 Rxg5 21. Kh1 Kg8 22. Qe3 Rg7 23. Ne2 Bb7 24. Bxb7 Rxb7 25. Nf4 Bg5 26. Qf3 c4 27. Nh5 Rg6 28. b4 Kh8 29. a4 Bd2 30. Re2 Rxb4 31. Rxb4 Bxb4 32. Qa8+ Rg8 33. Qxa6 Rb8 34. g3 Bc3 35. Nf6 Kg7 36. Kg2 Kf7 37. Nxh7 Bxe5 38. Ng5+ Ke7 39. Nf3 Bf6 40. Nd2 Rc8 41. Nf3 Qc6 42. Qa5 Qc5 43. Qd2 Rh8 44. Qf4 Rf8 45. h4 Rg8 46. Ne5 Qd5+ 47. Kh2 d6 48. Nxc4 Qc5 49. Ne3 Be5 50. Qc4 Bxg3+ 51. Kh3 Qxc4 52. Nxc4 Bf4 53. Rg2 Rc8 54. Nb2 Rc3+ 55. Nd3 e5 56. Re2 Ke6 57. Kg2 Bh6 58. Kf1 Rc4 59. Rg2 Rxh4 60. Rg6+ Kd7 61. a5 Be3 62. Ke2 f4 63. a6 Rh2+ 64. Kf3 Rxc2 65. Nb4 Rc3 66. Nd5 Ra3 67. Ke4 Ra4+ 68. Kf5 Bc5 69. Rg7+ Kc6 70. Ke6 Rxa6 71. Rc7+ Kb5 72. Rf7 Kc4 73. Nc7 Ra7 0-1

[Event "34th European Club Cup 2018"]
[Site "Halkidiki"]
[Date "2018.10.15"]
[Round "4"]
[White "Cramling, Dan"]
[Black "Rozentalis, Eduardas"]
[Result "0-1"]
[WhiteElo "2358"]
[BlackElo "2522"]
[Annotator "TA"]
[PlyCount "66"]
[EventDate "2018.10.12"]
[EventType "team-tourn"]
[EventCountry "GRE"]
[SourceTitle "playchess.com"]
[Source "ChessBase"]
[SourceQuality "1"]
[WhiteTeam "Team Viking"]
[BlackTeam "KGSRL"]

1. d4 Nf6 2. c4 e6 3. Nc3 Bb4 4. e3 O-O 5. Bd3 d5 6. Nf3 c5 7. O-O Nbd7 8. a3 cxd4 9. axb4 dxc3 10. bxc3 dxc4 11. Bxc4 Qc7 12. Qb3 b6 13. Be2 Bb7 14. Nd4 Ne5 15. Nb5 Qc6 16. f3 a6 17. Na3 Rfd8 18. e4 a5 19. Bb5 Qc7 20. Be3 Bc6 21. Be2 h6 22. Nb5 Bxb5 23. Bxb5 Rac8 24. Ba6 Rb8 25. Be2 Rdc8 26. Rfc1 Nfd7 27. Ba6 Rd8 28. Ra2 b5 29. Rxa5 Nc4 30. Bxb5 Nxe3 31. c4 Qf4 32. Re1 Nxg2 33. Kxg2 Nc5 0-1

[Event "34th European Club Cup 2018"]
[Site "Halkidiki"]
[Date "2018.10.15"]
[Round "4"]
[White "Danchevski, Orce"]
[Black "Liiva, Riho"]
[Result "1-0"]
[WhiteElo "2358"]
[BlackElo "2456"]
[Annotator "TA"]
[PlyCount "141"]
[EventDate "2018.10.12"]
[EventType "team-tourn"]
[EventCountry "GRE"]
[SourceTitle "playchess.com"]
[Source "ChessBase"]
[SourceQuality "1"]
[WhiteTeam "Asseco SEE"]
[BlackTeam "Reval"]

1. d4 d5 2. Nf3 c6 3. e3 Bf5 4. Bd3 Bxd3 5. cxd3 Nf6 6. Nc3 e6 7. e4 Be7 8. O-O O-O 9. Bf4 Na6 10. Qe2 c5 11. dxc5 Nxc5 12. e5 Nfd7 13. d4 Na6 14. g3 Nb4 15. h4 Qb6 16. a3 Nc6 17. Rad1 Rac8 18. Bg5 Bxg5 19. hxg5 Na5 20. Rd3 Nc4 21. Nd1 Rc7 22. Nh2 f6 23. gxf6 gxf6 24. Ng4 f5 25. Nge3 Rf7 26. Ng2 Nf8 27. Nf4 Qb5 28. Kg2 Nb6 29. Rh1 Rce7 30. Nc3 Qc6 31. Rh6 a6 32. Qh5 Qe8 33. Rd1 Nbd7 34. Rh1 Rg7 35. Qd1 Ng6 36. Nce2 Nh8 37. Qb3 Nf7 38. R6h4 Nd8 39. Rc1 b5 40. Qb4 Nb7 41. Rh6 Rgf7 42. Rc6 Nxe5 43. Rxa6 Nc6 44. Qxb5 Nbd8 45. Ra8 Qd7 46. b4 Kg7 47. Rh1 Qb7 48. Nh5+ Kf8 49. Qxb7 Rxb7 50. Rc1 Ke7 51. Rc5 Kd6 52. Nc3 Rfd7 53. Ra6 Ke7 54. Rcxc6 Nxc6 55. Rxc6 Rdc7 56. Rxc7+ Rxc7 57. Nb5 Rc2 58. Nf4 Kd7 59. a4 Ra2 60. a5 Ra4 61. Nd3 Kc6 62. Na7+ Kc7 63. Kf3 Kd6 64. Ke3 h5 65. Nb5+ Ke7 66. Nc3 Ra1 67. Nc5 Ra3 68. Kd2 f4 69. a6 Ra1 70. b5 Kd6 71. b6 1-0

[Event "34th European Club Cup 2018"]
[Site "Halkidiki"]
[Date "2018.10.15"]
[Round "4"]
[White "Galburd, Yan"]
[Black "Mutschnik, Illya"]
[Result "1-0"]
[WhiteElo "2358"]
[BlackElo "2411"]
[Annotator "TA"]
[PlyCount "97"]
[EventDate "2018.10.12"]
[EventType "team-tourn"]
[EventCountry "GRE"]
[SourceTitle "playchess.com"]
[Source "ChessBase"]
[SourceQuality "1"]
[WhiteTeam "Rehovot"]
[BlackTeam "Zurich"]

1. d4 Nf6 2. Bf4 g6 3. Nc3 d5 4. e3 Bg7 5. h4 c5 6. Nb5 Na6 7. Be2 h5 8. Nf3 Bf5 9. c3 Qb6 10. dxc5 Qxc5 11. Be5 Qc8 12. Qd4 O-O 13. Nxa7 Qd7 14. Bb5 Qd8 15. Bxa6 bxa6 16. Nc6 Qd7 17. Nb4 a5 18. Nxd5 Qb7 19. c4 Rfd8 20. Qb6 Qd7 21. Rd1 Qe8 22. Bxf6 exf6 23. O-O Rab8 24. Nxf6+ Bxf6 25. Qxf6 Bd3 26. Rfe1 Bxc4 27. Rxd8 Rxd8 28. b3 Be6 29. Nd4 Bd5 30. e4 Bb7 31. Nf3 Rd7 32. Ng5 Qc8 33. Qe5 Qd8 34. Qb5 Re7 35. Qc4 Qd2 36. Re2 Qd1+ 37. Kh2 Kg7 38. Qc3+ f6 39. Qc5 Rd7 40. Ne6+ Kf7 41. Nf4 Qd4 42. Qb5 f5 43. f3 Rc7 44. Qxa5 Rc1 45. Nh3 Qd1 46. Qd2 Qh1+ 47. Kg3 Ba6 48. Qd7+ Kf8 49. Qd6+ 1-0

[Event "34th European Club Cup 2018"]
[Site "Halkidiki"]
[Date "2018.10.15"]
[Round "4"]
[White "Richter, Christian"]
[Black "Christenson, Flemming"]
[Result "1/2-1/2"]
[WhiteElo "2356"]
[BlackElo "2202"]
[Annotator "TA"]
[PlyCount "122"]
[EventDate "2018.10.12"]
[EventType "team-tourn"]
[EventCountry "GRE"]
[SourceTitle "playchess.com"]
[Source "ChessBase"]
[SourceQuality "1"]
[WhiteTeam "Bremen"]
[BlackTeam "Nordstrand"]

1. d4 e6 2. Nf3 f5 3. c4 Nf6 4. g3 d5 5. Bg2 Bd6 6. O-O O-O 7. b3 b6 8. cxd5 exd5 9. Ba3 Qe7 10. Bxd6 cxd6 11. Nc3 Bb7 12. Rc1 Ne4 13. Ne1 Nd7 14. Nd3 Rac8 15. Nb1 g5 16. f3 Nef6 17. Qd2 h6 18. Rxc8 Rxc8 19. Bh3 Qe6 20. Re1 Nf8 21. Rc1 Ng6 22. Rxc8+ Qxc8 23. Nc3 Bc6 24. Nb4 Ne7 25. Nxc6 Qxc6 26. Qd3 Kg7 27. Kf2 h5 28. Ke1 Kf7 29. Kd2 Qc8 30. Nd1 g4 31. Bf1 Qh8 32. Qe3 h4 33. Qf4 hxg3 34. hxg3 Nh5 35. Qxd6 Qxd4+ 36. Kc2 Qg1 37. fxg4 Nxg3 38. gxf5 Nxf1 39. Qe6+ Kf8 40. f6 Qg6+ 41. Kb2 Nf5 42. Ka3 d4 43. Nf2 N1e3 44. Qc8+ Qe8 45. Qb7 Qb5 46. Ne4 Qd5 47. Qb8+ Kf7 48. Qc7+ Kg6 49. Qf4 Kf7 50. Qc7+ Ke6 51. f7 Qa5+ 52. Kb2 Nd1+ 53. Kc1 Qa3+ 54. Kxd1 Ne3+ 55. Ke1 Qa5+ 56. Nd2 Qf5 57. f8=N+ Qxf8 58. Nf3 Qc5 59. Qxc5 bxc5 60. Kd2 Kd5 61. Kd3 Ng2 1/2-1/2

[Event "34th European Club Cup 2018"]
[Site "Halkidiki"]
[Date "2018.10.15"]
[Round "4"]
[White "Valdes Escobar, Alvaro"]
[Black "Chanda, Sandipan"]
[Result "1-0"]
[WhiteElo "2351"]
[BlackElo "2535"]
[Annotator "TA"]
[PlyCount "109"]
[EventDate "2018.10.12"]
[EventType "team-tourn"]
[EventCountry "GRE"]
[SourceTitle "playchess.com"]
[Source "ChessBase"]
[SourceQuality "1"]
[WhiteTeam "Wood Green"]
[BlackTeam "Solingen"]

1. Nf3 Nf6 2. c4 g6 3. Nc3 Bg7 4. e4 d6 5. d4 O-O 6. Be2 e5 7. O-O Nc6 8. d5 Ne7 9. Ne1 Nd7 10. Be3 f5 11. f3 f4 12. Bf2 g5 13. Nd3 Ng6 14. c5 Nf6 15. cxd6 cxd6 16. Rc1 Rf7 17. Kh1 Bf8 18. Nb5 a6 19. Nc3 Bd7 20. Na4 Be8 21. Nb6 Rb8 22. Rc4 Nh5 23. Qc2 Ng3+ 24. hxg3 fxg3 25. Bxg3 Qxb6 26. Rc8 Rxc8 27. Qxc8 Bd7 28. Qc2 h5 29. Bf2 Qd8 30. g3 Bh3 31. Rc1 g4 32. fxg4 Qg5 33. gxh5 Nh4 34. Kh2 Nf3+ 35. Bxf3 Rxf3 36. Kxh3 Rxd3 37. Qxd3 Qxc1 38. Qf3 Bh6 39. Kg2 Qc2 40. Qg4+ Kh8 41. Qf3 Kg7 42. Kh3 Qc1 43. Bb6 Kh8 44. Qf6+ Bg7 45. Qg6 Bf8 46. Kg4 Qc4 47. h6 Qb5 48. Qf6+ Kg8 49. Bd8 Qd7+ 50. Qe6+ Qxe6+ 51. dxe6 Bxh6 52. Be7 Bc1 53. Bxd6 Bxb2 54. Kf5 Bc1 55. Kg6 1-0

[Event "34th European Club Cup 2018"]
[Site "Halkidiki"]
[Date "2018.10.15"]
[Round "4"]
[White "Stojcevski, Zoran"]
[Black "Kukk, Sander"]
[Result "1-0"]
[WhiteElo "2348"]
[BlackElo "2235"]
[Annotator "NA"]
[PlyCount "79"]
[EventDate "2018.10.12"]
[EventType "team-tourn"]
[EventCountry "GRE"]
[SourceTitle "playchess.com"]
[Source "ChessBase"]
[SourceQuality "1"]
[WhiteTeam "Asseco SEE"]
[BlackTeam "Reval"]

1. e4 g6 2. d4 Bg7 3. Nc3 d6 4. f4 Nf6 5. e5 Nfd7 6. Nf3 c5 7. exd6 cxd4 8. Nb5 O-O 9. Nc7 exd6 10. Nxa8 Nc6 11. Be2 Nc5 12. O-O Bf5 13. a3 Be4 14. Bb5 Ne6 15. Bd3 f5 16. Qe1 d5 17. b4 Qxa8 18. b5 Nb8 19. g3 Nd7 20. a4 Ndc5 21. Bb2 Qc8 22. Qe2 h6 23. Rfd1 Rd8 24. Qf2 Qd7 25. Ra2 Bf6 26. Nxd4 b6 27. Nxe6 Qxe6 28. Bd4 g5 29. fxg5 Bxd4 30. Qxd4 hxg5 31. Bxe4 Nxe4 32. c4 g4 33. cxd5 Qh6 34. Re2 Qg6 35. Kg2 Kh7 36. Rc1 Rd7 37. Rc8 Qg7 38. Rxe4 fxe4 39. Qxe4+ Kh6 40. Qf4+ 1-0

[Event "34th European Club Cup 2018"]
[Site "Halkidiki"]
[Date "2018.10.15"]
[Round "4"]
[White "Grigorian, Spartak"]
[Black "Haug, Johannes"]
[Result "0-1"]
[WhiteElo "2347"]
[BlackElo "2391"]
[Annotator "NA"]
[PlyCount "82"]
[EventDate "2018.10.12"]
[EventType "team-tourn"]
[EventCountry "GRE"]
[SourceTitle "playchess.com"]
[Source "ChessBase"]
[SourceQuality "1"]
[WhiteTeam "Bremen"]
[BlackTeam "Nordstrand"]

1. d4 Nf6 2. c4 e6 3. g3 d5 4. Bg2 Bb4+ 5. Nd2 O-O 6. Ngf3 b6 7. O-O Bb7 8. cxd5 exd5 9. Ne5 Be7 10. Ndf3 Ne4 11. Bf4 c5 12. Rc1 f6 13. Nd3 c4 14. Bxb8 Rxb8 15. Nf4 Qd6 16. Nd2 f5 17. Rc2 b5 18. Re1 Bc6 19. Nxe4 fxe4 20. f3 Rxf4 21. gxf4 e3 22. Bh3 Qxf4 23. Kg2 Qg5+ 24. Kh1 Qh6 25. Kg2 Bd6 26. Rh1 Re8 27. Bg4 Qg6 28. Kf1 h5 29. Bh3 Qf6 30. Qe1 Qxd4 31. Rg1 Qf6 32. Kg2 d4 33. Kh1 d3 34. exd3 Bxf3+ 35. Bg2 e2 36. dxc4 Qf4 37. Qg3 Qxg3 38. hxg3 e1=Q 39. Rxe1 Rxe1+ 40. Kh2 Bxg2 41. Kxg2 bxc4 0-1

[Event "34th European Club Cup 2018"]
[Site "Halkidiki"]
[Date "2018.10.15"]
[Round "4"]
[White "Webb, Laurence E"]
[Black "Bremner, Adam"]
[Result "1/2-1/2"]
[WhiteElo "2342"]
[BlackElo "2212"]
[Annotator "TA"]
[PlyCount "85"]
[EventDate "2018.10.12"]
[EventType "team-tourn"]
[EventCountry "GRE"]
[SourceTitle "playchess.com"]
[Source "ChessBase"]
[SourceQuality "1"]
[WhiteTeam "Blackthorne"]
[BlackTeam "Grantham"]

1. d4 Nf6 2. c4 e6 3. Nc3 Bb4 4. Qc2 Nc6 5. Nf3 d6 6. e3 Qe7 7. a3 Bxc3+ 8. Qxc3 e5 9. d5 Nb8 10. b4 O-O 11. Bb2 b6 12. Be2 Bg4 13. h3 Bh5 14. g4 Bg6 15. Nd2 Ne4 16. Nxe4 Bxe4 17. f3 Qh4+ 18. Kd2 Bg6 19. e4 Nd7 20. Qe3 a5 21. Kc2 axb4 22. axb4 Rxa1 23. Bxa1 Ra8 24. Bc3 Qd8 25. Kb3 f6 26. Ra1 Rxa1 27. Bxa1 Be8 28. Qc1 Qa8 29. Qa3 Qxa3+ 30. Kxa3 g5 31. Bc3 Kf7 32. Be1 Ke7 33. Bd1 Nf8 34. Ba4 Ng6 35. Bg3 Bd7 36. Kb3 Kd8 37. Bc6 Bxc6 38. dxc6 Ne7 39. b5 Ng6 40. Kc3 Ke7 41. Kd2 Ke6 42. Bf2 Ke7 43. Bg3 1/2-1/2

[Event "34th European Club Cup 2018"]
[Site "Halkidiki"]
[Date "2018.10.15"]
[Round "4"]
[White "Ranaldi, Lucas"]
[Black "Boel, Marcel"]
[Result "1/2-1/2"]
[WhiteElo "2335"]
[BlackElo "2241"]
[Annotator "TA"]
[PlyCount "157"]
[EventDate "2018.10.12"]
[EventType "team-tourn"]
[EventCountry "GRE"]
[SourceTitle "playchess.com"]
[Source "ChessBase"]
[SourceQuality "1"]
[WhiteTeam "SK Oslo"]
[BlackTeam "Apeldoorn"]

1. c4 e5 2. g3 Nf6 3. Bg2 c6 4. Nf3 e4 5. Nd4 d5 6. d3 Bc5 7. Nb3 Bb4+ 8. Bd2 Bxd2+ 9. Qxd2 exd3 10. Qxd3 dxc4 11. Qxc4 O-O 12. O-O Be6 13. Qc2 Na6 14. a3 Qb6 15. N3d2 Rad8 16. Nc3 Rd7 17. b4 Rfd8 18. Nde4 Nxe4 19. Nxe4 h6 20. Rfd1 Qb5 21. Rxd7 Rxd7 22. Rd1 Qc4 23. Qc1 Rd4 24. f3 f5 25. Nf2 Qxc1 26. Rxc1 Rd2 27. Bf1 Ra2 28. Rc3 Nc7 29. e4 Ra1 30. Kg2 Kf7 31. exf5 Bxf5 32. Bc4+ Be6 33. Ne4 Bxc4 34. Nd6+ Ke6 35. Nxc4 Nd5 36. Rd3 Rc1 37. Ne3 Nxe3+ 38. Rxe3+ Kf6 39. g4 a5 40. bxa5 Rc5 41. Rb3 Rxa5 42. Rxb7 Rxa3 43. h4 Rc3 44. Kg3 Rc1 45. Rc7 c5 46. Rc6+ Kf7 47. Kf4 c4 48. Kf5 Rf1 49. Rc7+ Kf8 50. f4 g6+ 51. Ke5 Kg8 52. g5 hxg5 53. hxg5 c3 54. Rxc3 Kg7 55. Rc7+ Kg8 56. Rc8+ Kg7 57. Rc7+ Kg8 58. Rc4 Kg7 59. Re4 Ra1 60. Rd4 Re1+ 61. Kd5 Kf7 62. Ra4 Re7 63. Ra6 Rd7+ 64. Ke4 Re7+ 65. Kf3 Rb7 66. f5 Rb3+ 67. Ke4 Rb4+ 68. Ke3 gxf5 69. Rf6+ Kg7 70. Kf3 Rg4 71. Rxf5 Rg1 72. Kf4 Rf1+ 73. Ke4 Rxf5 74. Kxf5 Kf7 75. g6+ Kg7 76. Kg5 Kg8 77. Kf6 Kf8 78. g7+ Kg8 79. Kg6 1/2-1/2

[Event "34th European Club Cup 2018"]
[Site "Halkidiki"]
[Date "2018.10.15"]
[Round "4"]
[White "Gantner, Matthias"]
[Black "Jaksland, Tim"]
[Result "1/2-1/2"]
[WhiteElo "2331"]
[BlackElo "2214"]
[Annotator "TA"]
[PlyCount "195"]
[EventDate "2018.10.12"]
[EventType "team-tourn"]
[EventCountry "GRE"]
[SourceTitle "playchess.com"]
[Source "ChessBase"]
[SourceQuality "1"]
[WhiteTeam "White Rose"]
[BlackTeam "Hillerod"]

1. e4 c5 2. Nf3 e6 3. d4 cxd4 4. Nxd4 Nc6 5. Nc3 Qc7 6. Be3 a6 7. Qf3 Nf6 8. O-O-O Ne5 9. Qg3 b5 10. a3 Bb7 11. Bxb5 Rc8 12. Bd3 Nxd3+ 13. cxd3 Qxg3 14. hxg3 Bxa3 15. bxa3 Rxc3+ 16. Kb2 Rc8 17. f3 Ke7 18. g4 d6 19. Rb1 Nd7 20. Ka1 Ba8 21. Rhc1 h6 22. Nb3 Ne5 23. Rxc8 Rxc8 24. Rc1 Rxc1+ 25. Nxc1 Ng6 26. g5 hxg5 27. Bxg5+ f6 28. Bd2 Nh4 29. f4 Nxg2 30. Kb2 Kd7 31. Ne2 Nh4 32. Ng3 g6 33. Bc3 f5 34. exf5 gxf5 35. Kb3 Ng6 36. Bd2 Bf3 37. Kb4 Kc6 38. Ka5 Kb7 39. Bc1 Bd1 40. Kb4 Kc6 41. Kc4 Bg4 42. Nh1 e5 43. fxe5 dxe5 44. Nf2 Be2 45. Kc3 Kd5 46. Kd2 Bh5 47. Ke3 Nf8 48. Bb2 Ne6 49. Kd2 Nc5 50. Bc3 Nb3+ 51. Kc2 Nd4+ 52. Kd2 a5 53. Ke1 Nb3 54. Bb2 a4 55. Bc3 Nc5 56. Kd2 Nb3+ 57. Kc2 Bg4 58. Bb2 Nd4+ 59. Kd2 Nb5 60. Kc2 Bf3 61. Kd2 e4 62. Ke3 Bg2 63. Bc1 exd3 64. Nxd3 Kc4 65. Nf4 Be4 66. Ne6 Nc3 67. Bd2 Nd5+ 68. Ke2 Bc2 69. Bc1 Be4 70. Kd2 Nb6 71. Ke3 Kb3 72. Nc5+ Kc2 73. Bd2 Nc4+ 74. Kf4 Nxd2 75. Nxa4 Kd3 76. Nc5+ Kd4 77. Ne6+ Kc4 78. Ng7 Kb3 79. Nxf5 Bb7 80. Nd4+ Kxa3 81. Nb5+ Kb4 82. Nd6 Bc6 83. Nf5 Kc5 84. Ne3 Nb3 85. Nf5 Kc4 86. Ne3+ Kd3 87. Nf5 Nc5 88. Ke5 Be4 89. Nd6 Bf3 90. Nf5 Nd7+ 91. Kd6 Nb6 92. Ne7 Be4 93. Kc5 Nc4 94. Nc6 Kc3 95. Ne7 Nd2 96. Kd6 Kd4 97. Nc6+ Bxc6 98. Kxc6 1/2-1/2